000 00547nam a2200193Ia 4500
005 20250508170227.0
008 008 250505s9999 xx 000 0 eng d
037 _aDissertations
040 _aFEDL
_beng
_cFEDL
041 _aeng
_2eng
084 _a371.97, NOR/DI
_qFEDL
100 _aNorzam Tenzin
_9783530
245 0 _aSchooling in tribal areas of Himachal Pradesh
260 _c2023
300 _a122p.
546 _aM.Ed. Dissertation (Delhi University)
942 _cDIS
_h371.97, NOR/DI
999 _c1399912
_d1399912